Normal view
MARC view
Entry Nombre geográfico
001 - NÚMERO DE CONTROL
- campo de control: 30088
003 - IDENTIFICADOR DEL NÚMERO DE CONTROL
- campo de control: FranzMayer
005 - FECHA Y HORA DE LA ÚLTIMA TRANSACCIÓN
- campo de control: 20251210165609.0
008 - DATOS DE LONGITUD FIJA
- campo de control de longitud fija: 251210|| aca||aabn | a|a d
040 ## - FUENTE DE LA CATALOGACIÓN
- Centro catalogador/agencia de origen: FranzMayer
- Centro/agencia transcriptor: FranzMayer
151 ## - ENCABEZAMIENTO--NOMBRE GEOGRÁFICO
- Nombre geográfico: Roma
- Subdivisión general: Historia
- Subdivisión cronológica: Imperio, 284-476
670 ## - FUENTE DE DATOS ENCONTRADOS
- Cita de la fuente: Work cat.: (FranzMayer)11097: Biondo, Flavio 1392-1463 autor 30085, Historiarum ab Inclinatione Romanorum Imperii. Liber Primus/ , 1484